Loading...
Taxonomy and Ecology of Indian Fungi
| Main Authors: | , |
|---|---|
| Format: | Printed Book |
| Published: |
New Delhi, I K International
2010
|
| Subjects: |
| LEADER | 004700000a22001450004500 | ||
|---|---|---|---|
| 082 | |a 589.2 MUK | ||
| 100 | |a Manoharachary, C |9 77276 | ||
| 100 | |a Mukerji, K G |9 153435 | ||
| 245 | |a Taxonomy and Ecology of Indian Fungi | ||
| 260 | |a New Delhi, I K International | ||
| 260 | |c 2010 | ||
| 650 | |a Fungi ecology |9 153436 | ||
| 942 | |c BK | ||
| 999 | |c 181741 |d 181737 | ||
| 952 | |0 0 |1 0 |4 0 |6 589_200000000000000_MUK |7 0 |9 180413 |a SES |b SES |d 2019-05-17 |l 0 |o 589.2 MUK |p SES05011 |r 2019-05-17 |w 2019-05-17 |y BK | ||